Gaming Quiz

Random Gaming or Grab Bag Quiz

Tough Choices: Gaming Edition Quiz Stats

 Plays Quiz Updated Oct 22, 2015

Challenge
Share
Tweet
Embed
Score 0/20 Timer 07:00
1 Play Today
Column A (Type A if Higher) A or B? % Correct
Individual squares on a Tic-Tac-Toe board???
92.7%
Guess Who? characters???
89.9%
Suits in a deck of cards???
89.8%
Tetrimino piece shapes in Tetris???
83%
Clue(do) weapons???
74.9%
Highest number in a traditional Sudoku puzzle???
66.4%
Cranium card categories???
63.4%
Items to fill in on a Yahtzee scorecard???
62.2%
Ailments in Operation???
57.6%
Pegs in a Mastermind code sequence???
57.5%
Column A (Type A if Higher) A or B? % Correct
Playable characters (drivers) in Mario Kart Wii???
54.6%
Seats per car in The Game of Life???
54%
Types of pieces in Stratego???
53.4%
Life points at the start of Magic: The Gathering???
51.7%
Sports in Wii Sports???
50.8%
Checkers in Backgammon (per player)???
49.1%
Territories in Risk???
42.5%
Bridges on a Candy Land board???
39%
Copies of Grand Theft Auto: San Andreas sold worldwide (PlayStation 2, millions)???
38.4%
Scrabble tiles???
35.6%

You're not logged in!

Compare scores with friends on all Sporcle quizzes.
OR
Log In

You Might Also Like...

Show Comments

Extras

Top Quizzes Today


Score Distribution

Your Account Isn't Verified!

In order to create a playlist on Sporcle, you need to verify the email address you used during registration. Go to your Sporcle Settings to finish the process.

Report this User

Report this user for behavior that violates our Community Guidelines.

Details: